书目信息 |
| 题名: |
中国大学通识讲座
|
|
| 作者: | 本编委会编书 | |
| 分册: | 001 | |
| 出版信息: | 北京 北京大学出版社 2009.01 |
|
| 页数: | 327页 | |
| 开本: | 24cm | |
| 丛书名: | ||
| 单 册: | ||
| 中图分类: | G640-53 | |
| 科图分类: | ||
| 主题词: | 高等学校--gao deng xue xiao--素质教育--文集 | |
| 电子资源: | ||
| ISBN: | 978-7-301-13163-3 | |
| 000 | 00756nam0 2200217 450 | |
| 001 | 012009617130 | |
| 005 | 20090428163546.20 | |
| 010 | @a978-7-301-13163-3@dCNY39.00 | |
| 100 | @a20090428d2009 em y0chi0120 ea | |
| 101 | 0 | @achi |
| 102 | @aCN@b110000 | |
| 105 | @ac z 000yy | |
| 106 | @ar | |
| 200 | 1 | @a中国大学通识讲座@Azhong guo da xue tong shi jiang zuo@h001@f本编委会编书@Fben shu bian wei hui bian |
| 210 | @a北京@c北京大学出版社@d2009.01 | |
| 215 | @a327页@c肖像@d24cm | |
| 330 | @a本书主要是中国社会道学和自然科学的文集。内容包括了:中国人的人生智慧,大学还能否出现特立独行的大师等。 | |
| 606 | 0 | @a高等学校@Agao deng xue xiao@x素质教育@j文集 |
| 690 | @aG640-53@v4 | |
| 801 | 0 | @aCN@bQSSK@c20090428 |
| 905 | @b737928-30@dG640-53@eZ494:1@f3 | |
| 中国大学通识讲座.001/本编委会编书.-北京:北京大学出版社,2009.01 |
| 327页:肖像;24cm |
| ISBN 978-7-301-13163-3:CNY39.00 |
| 本书主要是中国社会道学和自然科学的文集。内容包括了:中国人的人生智慧,大学还能否出现特立独行的大师等。 |
| ● |
| 相关链接 |
|
|
|
正题名:中国大学通识讲座
索取号:G640-53/Z494:1
 
预约/预借
| 序号 | 登录号 | 条形码 | 馆藏地/架位号 | 状态 | 备注 |
| 1 | 737928 | 207379282 | 社科库409/409社科库 10排1列1层/ [索取号:G640-53/Z494:1] | 在馆 | |
| 2 | 737929 | 207379291 | 社科库409/422社科库 32排2列2层/ [索取号:G640-53/Z494:1] | 在馆 | |
| 3 | 737930 | 207379308 | 社科库409/409社科库 10排1列1层/ [索取号:G640-53/Z494:1] | 在馆 |